000 00589cam a2200145 4500500
005 20260111092413.0
041 _afre
042 _adc
100 1 0 _aGaveau, Fabien
_eauthor
245 0 0 _aRafe Blaufarb, Bonapartists in the Borderlands. French Exiles and Refugees on the Gulf Coast, 1815-1835. Tuscaloosa (Alabama), University of Alabama Press, 2005, 302 p.
260 _c2010.
500 _a41
786 0 _nÉtudes rurales | 186 | 2 | 2010-12-01 | p. 227d-246d | 0014-2182
856 4 1 _uhttps://shs.cairn.info/revue-etudes-rurales-2010-2-page-227d?lang=fr&redirect-ssocas=7080
999 _c1623501
_d1623501